000
00211nam a2200097Ia 4500
008
240331s9999 xx 000 0 und d
082
_b
SUB
100
_a
Subramaniyam, M.K
245
0
_a
Periyar meiyiyal
942
_c
L
999
_c
1508
_d
1508